[Event "Feffernitz op 25th"]
[Site "Feffernitz"]
[Date "2016.08.22"]
[Round "3"]
[White "Turian, Hans"]
[Black "Weiler, Georg"]
[Result "1-0"]
[WhiteElo "1963"]
[BlackElo "1717"]
[PlyCount "50"]
[EventDate "2016.08.21"]
[EventType "swiss"]
[EventRounds "9"]
[EventCountry "AUT"]
[SourceTitle "CBM 174 Extra"]
[Source "ChessBase"]
[SourceDate "2016.10.10"]
[SourceVersion "1"]
[SourceVersionDate "2016.10.10"]
[SourceQuality "1"]

1. d4 Nf6 2. Bf4 e6 3. e3 d5 4. Nf3 h6 5. Bd3 Nc6 6. a3 Bd7 7. Nbd2 a6 8. c4 dxc4 9. Nxc4 Nd5 10. Bg3 b5 11. Nce5 Bd6 12. Rc1 Nce7 13. e4 Nb6 14. Nxd7 Bxg3 15. Nxb6 Bxf2+ 16. Kxf2 cxb6 17. a4 b4 18. Qb3 0-0 19. Qxb4 Ng6 20. g3 Qe7 21. Qxe7 Nxe7 22. Rc7 Rfe8 23. Rhc1 Rec8 24. Rxc8+ Nxc8 25. Rc7 Nd6 1-0

[Event "Feffernitz op 25th"]
[Site "Feffernitz"]
[Date "2016.08.21"]
[Round "1"]
[White "Jandke, Manfred"]
[Black "Weiler, Georg"]
[Result "1-0"]
[WhiteElo "2147"]
[BlackElo "1717"]
[PlyCount "91"]
[EventDate "2016.08.21"]
[EventType "swiss"]
[EventRounds "9"]
[EventCountry "AUT"]
[SourceTitle "CBM 174 Extra"]
[Source "ChessBase"]
[SourceDate "2016.10.10"]
[SourceVersion "1"]
[SourceVersionDate "2016.10.10"]
[SourceQuality "1"]

1. c4 e5 2. Nc3 Nf6 3. g3 d5 4. cxd5 Nxd5 5. Bg2 Be6 6. Nf3 Bd6 7. d3 h6 8. Bd2 c6 9. Ne4 0-0 10. 0-0 Na6 11. d4 exd4 12. Nxd4 Re8 13. Nxd6 Qxd6 14. e4 Nf6 15. Bf4 Qe7 16. Nxe6 Qxe6 17. Re1 Rad8 18. Qa4 c5 19. Qb5 Qd7 20. Qxd7 Nxd7 21. Rad1 Nb6 22. b3 c4 23. h4 Nc5 24. Bc7 Rxd1 25. Rxd1 cxb3 26. axb3 Nxb3 27. e5 Nc4 28. Bxb7 Nxe5 29. Bxe5 Rxe5 30. Rd8+ Kh7 31. Bd5 Nc5 32. Bxf7 a5 33. h5 g5 34. hxg6+ Kg7 35. f4 Re7 36. Rg8+ Kf6 37. Rh8 Kg7 38. Rh7+ Kf8 39. g7+ Kxf7 40. g8Q+ Kxg8 41. Rxe7 a4 42. Ra7 Ne4 43. Kg2 Nc3 44. Kh3 Kh8 45. Kg4 Kg8 46. f5 1-0

[Event "Dresden ZMD op-C 21th"]
[Site "Dresden"]
[Date "2012.08.21"]
[Round "4"]
[White "Schubert, Bernhard"]
[Black "Weiler, Georg"]
[Result "0-1"]
[WhiteElo "1234"]
[BlackElo "1511"]
[PlyCount "93"]
[EventDate "2012.08.18"]
[EventType "swiss"]
[EventRounds "9"]
[EventCountry "GER"]
[SourceTitle "CBM 150 Extra"]
[Source "ChessBase"]
[SourceDate "2012.10.19"]
[SourceVersion "1"]
[SourceVersionDate "2012.10.19"]
[SourceQuality "1"]

1. e4 e5 2. Nf3 Nc6 3. Nc3 Bb4 4. a3 Ba5 5. Bb5 d6 6. 0-0 Bd7 7. d3 h6 8. Bd2 Nf6 9. h3 0-0 10. Qe2 Ne7 11. Bxd7 Qxd7 12. Na2 Bb6 13. Bb4 Ng6 14. Bd2 Rfe8 15. Nc3 a6 16. Rad1 Rad8 17. Be3 Qc6 18. Bxb6 Qxb6 19. Rb1 Nf4 20. Qe3 Qc6 21. Qd2 Qd7 22. Ne2 N6h5 23. Nxf4 Nxf4 24. Kh2 Qe6 25. Rg1 Qf6 26. g3 Nxh3 27. Kxh3 Qxf3 28. Qe3 Qh5+ 29. Kg2 b6 30. Qf3 Qg5 31. Qe3 Qg6 32. Qd2 Qe6 33. Qc3 Qd7 34. Qc4 b5 35. Qc3 Re6 36. Qd2 d5 37. Rbe1 Qc6 38. f3 dxe4 39. fxe4 f5 40. Kf3 Rf6 41. g4 fxe4+ 42. Kg3 Rf3+ 43. Kh2 Qf6 44. Rg2 exd3 45. cxd3 Rdxd3 46. Qe2 Qb6 47. Qxe5 0-1